| 000 | 00435nam a2200193Ia 4500 | ||
|---|---|---|---|
| 005 | 20240823035359.0 | ||
| 008 | 240823s9999||||xx |||||||||||||| ||und|| | ||
| 020 | _a978-81-822808-0-6 | ||
| 041 | _aENGLISH | ||
| 082 | _A338.0924 | ||
| 100 | _aNanik Rupani | ||
| 245 | 0 | _aSuccess is Our Birthright | |
| 250 | _a1st | ||
| 260 | _bPriyadarshni Ac | ||
| 500 | _aYES | ||
| 650 |
_aNovel _bEnglish |
||
| 942 | _cBK | ||
| 999 |
_c200546 _d200546 |
||